Les plus grands empires de l'histoire du monde - Statistiques

Statistiques générales
  • Ce quiz a été pris 1 102 fois
  • Le résultat moyen est 8 sur 26
Statistiques - réponses
Date Superficie Empire % Correct
1270 ou 1309 24 500 000 km² Empire mongol
86%
117 5 000 000 km² Empire romain
86%
1683 5 200 000 km² Empire ottoman
78%
1895 22 800 000 km² Empire russe
68%
1810 13 700 000 km² Empire espagnol
61%
1920 36 500 000 km² Empire britannique
55%
1942 8 510 000 km² Empire du Japon
51%
1815 10 400 000 km² Empire colonial portugais
50%
1920 11 500 000 km² Second empire colonial français
45%
1815 10 000 000 km² Premier empire colonial français
44%
1790 14 700 000 km² Dynastie Qing
22%
720 11 100 000 km² Califat omeyyade
21%
-323 5 200 000 km² Empire macédonien
21%
1889 8 337 000 km² Empire du Brésil
18%
750 11 100 000 km² Califat abbasside
17%
1450 6 500 000 km² Dynastie Ming
15%
655 6 400 000 km² Califat des Rachidoune
12%
-50 6 000 000 km² Dynastie Han occidentale
10%
100 6 500 000 km² Dynastie Han orientale
10%
-500 5 500 000 km² Empire achéménide
10%
1310 11 000 000 km² Dynastie Yuan
9%
557 6 000 000 km² Khaganat turc
7%
715 5 400 000 km² Dynastie Tang
5%
1310 6 000 000 km² Horde d'or
4%
-176 9 000 000 km² Empire Xiongnu
3%
1640 7 100 000 km² Union ibérique
2%
Aucun quiz correspondant
Distribution des résultats
% des personnes avec chaque résultat
Percentile par nombre de réponses
Votre historique - résultats
Vous n’avez pas pris ce quiz